Statistiques concernant Top 20 des villes les plus peuplées de l'Utah

Cliquez ici pour prendre le quiz!

Statistiques générales

  • Ce quiz a été pris 2 fois
  • Le résultat moyen est 9 sur 20

Statistiques - réponses

PopulationVilles% Correct
191 180Salt Lake City
100%
43 023Bountiful
50%
45 285Draper
50%
70 790Layton
50%
54 382Lehi
50%
48 913Logan
50%
48 612Murray
50%
84 249Ogden
50%
91 648Orem
50%
116 288Provo
50%
40 921Riverton
50%
76 817Saint George
50%
90 231Sandy
50%
36 956Spanish Fork
50%
60 519Taylorsville
50%
110 077West Jordan
50%
133 579West Valley City
50%
34 988Pleasant Grove
0%
37 733Roy
0%
59 366South Jordan
0%

Distribution des résultats

Percentile par nombre de réponses

% des personnes avec chaque résultat

Votre développement - résultats

Vous n’avez pas pris ce quiz